Statistics for All U.S. Presidents

Click here to take the quiz!

General Stats

  • This quiz has been taken 98 times
  • The average score is 35 of 46

Answer Stats

HintAnswer% Correct
1789-1797George Washington
100%
2009-2017Barack Obama
99%
2021-presentJoseph R. Biden
97%
2017-2021Donald J. Trump
96%
1933-1945Franklin D. Roosevelt
96%
1989-1993George H. W. Bush
96%
2001-2009George W. Bush
96%
1901-1909Theodore Roosevelt
96%
1861-1865Abraham Lincoln
94%
1961-1963John F. Kennedy
94%
1993-2001Bill Clinton
93%
1953-1969Lyndon B. Johnson
90%
1801-1809Thomas Jefferson
90%
1865-1869Andrew Johnson
89%
1797-1801John Adams
88%
1825-1829John Quincy Adams
88%
1969-1974Richard M. Nixon
85%
1981-1989Ronald Reagan
85%
1953-1961Dwight D. Eisenhower
83%
1945-1953Harry S. Truman
83%
1974-1977Gerald R. Ford
82%
1929-1933Herbert Hoover
81%
1977-1981Jimmy Carter
81%
1913-1921Woodrow Wilson
79%
1809-1817James Madison
76%
1817-1825James Monroe
76%
1829-1837Andrew Jackson
75%
1869-1877Ulysses S. Grant
71%
1889-1893Benjamin Harrison
65%
1923-1929Calvin Coolidge
65%
1841-1841William Henry Harrison
65%
1893-1897Grover Cleveland
64%
1885-1889Grover Cleveland
64%
1837-1841Martin Van Buren
64%
1881-1881James A. Garfield
63%
1909-1913William H. Taft
63%
1899-1901William McKinley
63%
1849-1850Zachary Taylor
61%
1857-1861James Buchanan
60%
1845-1849James K. Polk
60%
1841-1845John Tyler
60%
1921-1923Warren G. Harding
60%
1881-1885Chester A. Arthur
57%
1853-1857Franklin Pierce
54%
1850-1853Millard Fillmore
50%
1877-1881Rutherford B. Hayes
50%

Score Distribution

Percentile by Number Answered

Percent of People with Each Score

Your Score History

You have not taken this quiz